[Event "www.ChessWorld.net server game"]
[Site "www.ChessWorld.net "]
[Date "2007.6.10"]
[Round "NA"]
[White "Ironpig"]
[Black "joselito"]
[Result "0-1"]
[Termination "White king mated"]
[WhiteElo "1255"]
[BlackElo "1261"]
[Mode "ICS"]
[DateLastMove "2007.6.13"]
[Board "3805546"]

1.d4 Nf6 2.c4 d6 3.Nc3 e6 4.e4 Be7 5.a3 O-O 6.b4 b6 7.Bf4 Bb7 8.Bd3 Nbd7 9.Nf3 a5 10.b5 d5 11.cxd5 c6 12.dxc6 Bc8 13.c7 Qe8 14.Na4 Bb7 15.O-O Qc8 16.Rc1 Bxe4 17.Ng5 h6 18.Bxe4 Nxe4 19.Nxe4 Qb7 20.Re1 Rac8 21.Qd3 f5 22.Ng3 Nf6 23.h3 Nd5 24.Bd2 Bg5 25.Bxg5 hxg5 26.Rxe6 Nf4 27.Rxb6 Qxg2+ {White king mated} 0-1

[Event "www.ChessWorld.net server game"]
[Site "www.ChessWorld.net "]
[Date "2007.6.10"]
[Round "NA"]
[White "chancey1"]
[Black "joselito"]
[Result "0-1"]
[Termination "White resigned"]
[WhiteElo "1517"]
[BlackElo "1403"]
[Mode "ICS"]
[DateLastMove "2007.7.6"]
[Board "3805560"]

1.e4 e5 2.Bc4 Nf6 3.d3 Bc5 4.Bg5 O-O 5.Nd2 Qe8 6.Bxf6 gxf6 7.Qg4+ Kh8 8.h3 Rg8 9.Qf3 Qe7 10.g4 f5 11.Qxf5 d6 12.Qxf7 Qxf7 13.Bxf7 Rf8 14.Bc4 Rxf2 15.O-O-O Be3 16.a3 Bxd2+ 17.Rxd2 Rf8 18.Ne2 Nc6 19.c3 Bd7 20.d4 exd4 21.Nxd4 Ne5 22.Bd5 Bc6 23.Bxc6 bxc6 24.Ne6 Rfc8 25.Rf1 Nc4 26.Rdf2 Kg8 27.Rf7 Ne5 28.Rg7+ Kh8 29.Nxc7 Kxg7 30.Nxa8 Rxa8 31.Rd1 Rd8 32.b4 Nc4 33.a4 Ne3 34.Rd3 Nc4 35.a5 a6 36.h4 Ne5 37.Rg3 Rf8 38.Kb2 Rf1 39.h5 Nc4+ 40.Kb3 Nd2+ 41.Kc2 Nxe4 42.Re3 Ng5 43.Re7+ Nf7 44.Ra7 Rg1 45.Rxa6 c5 46.bxc5 dxc5 47.Rc6 h6 48.a6 Rxg4 49.Rc7 Ra4 50.a7 Kf6 51.Kb3 Ra5 52.Kc4 Ne5+ 53.Kb3 Kg5 54.Re7 c4+ 55.Kb2 Kxh5 56.Rc7 Kh4 57.Rh7 h5 58.Kc2 Nc6 {White resigned} 0-1

[Event "www.ChessWorld.net server game"]
[Site "www.ChessWorld.net "]
[Date "2007.6.10"]
[Round "NA"]
[White "Cougar40"]
[Black "joselito"]
[Result "0-1"]
[Termination "Black claimed a win on time"]
[WhiteElo "1517"]
[BlackElo "1403"]
[Mode "ICS"]
[DateLastMove "2007.6.29"]
[Board "3805588"]

1.e4 e5 2.Nf3 d6 3.d3 d5 4.Nxe5 Qe7 5.f4 dxe4 6.dxe4 Nf6 7.a3 Nxe4 8.Ng4 Nf6+ 9.Qe2 Nxg4 10.Qxe7+ Bxe7 11.Bc4 O-O {Black claimed a win on time} 0-1

[Event "www.ChessWorld.net server game"]
[Site "www.ChessWorld.net "]
[Date "2007.6.10"]
[Round "NA"]
[White "CHESSMENGO"]
[Black "joselito"]
[Result "0-1"]
[Termination "Black claimed a win on time"]
[WhiteElo "1517"]
[BlackElo "1403"]
[Mode "ICS"]
[DateLastMove "2007.6.25"]
[Board "3805617"]

1.e4 e5 2.Nf3 Nc6 3.d4 Qe7 4.d5 Nd4 5.Nxd4 exd4 6.Qxd4 d6 7.Bb5+ Bd7 8.Bxd7+ Qxd7 9.Nc3 f6 10.O-O Ne7 11.Be3 c5 12.dxc6 Nxc6 {Black claimed a win on time} 0-1

[Event "www.ChessWorld.net server game"]
[Site "www.ChessWorld.net "]
[Date "2007.6.10"]
[Round "NA"]
[White "David129617"]
[Black "joselito"]
[Result "0-1"]
[Termination "White king mated"]
[WhiteElo "1557"]
[BlackElo "1363"]
[Mode "ICS"]
[DateLastMove "2007.6.19"]
[Board "3805800"]

1.e4 e5 2.Nf3 Nc6 3.Bc4 Qe7 4.d3 h6 5.O-O d6 6.Be3 Be6 7.Bxe6 fxe6 8.Nc3 O-O-O 9.Nb5 Kb8 10.c4 Qd7 11.Qa4 a6 12.Nc3 g5 13.d4 exd4 14.Nxd4 Nxd4 15.Qxd7 Rxd7 16.Bxd4 Rhh7 17.Rad1 c5 18.Be3 Bg7 19.f4 Bxc3 20.bxc3 gxf4 21.Bxf4 Nf6 22.Bxd6+ Kc8 23.Bxc5 Nxe4 24.Rxd7 Rxd7 25.Bd4 Nd2 26.Rf8+ Kc7 27.Be5+ Kc6 28.Rc8+ Kb6 29.Bf4 Ne4 30.Bxh6 Rd1+ {White king mated} 0-1

[Event "www.ChessWorld.net server game"]
[Site "www.ChessWorld.net "]
[Date "2007.6.10"]
[Round "NA"]
[White "ganapathyraman"]
[Black "joselito"]
[Result "0-1"]
[Termination "White king mated"]
[WhiteElo "1419"]
[BlackElo "1332"]
[Mode "ICS"]
[DateLastMove "2007.6.18"]
[Board "3805828"]

1.e4 e5 2.Nc3 Nf6 3.Nf3 Bc5 4.h3 c6 5.a3 h6 6.b4 Bb6 7.d3 O-O 8.g4 a6 9.Be3 Bxe3 10.fxe3 d5 11.exd5 cxd5 12.Nxe5 Be6 13.d4 Nc6 14.Nxc6 bxc6 15.Be2 a5 16.b5 cxb5 17.Bxb5 Qc8 18.Qf3 Qxc3+ 19.Ke2 Qxc2+ 20.Kf1 Rab8 21.a4 Qb2 22.Qd1 Ne4 23.Ke1 Qf2+ {White king mated} 0-1

[Event "www.ChessWorld.net server game"]
[Site "www.ChessWorld.net "]
[Date "2007.6.10"]
[Round "NA"]
[White "blagger"]
[Black "joselito"]
[Result "0-1"]
[Termination "White resigned"]
[WhiteElo "1396"]
[BlackElo "1272"]
[Mode "ICS"]
[DateLastMove "2007.6.24"]
[Board "3805842"]

1.e4 e5 2.Bc4 Nf6 3.Nf3 Bc5 4.c3 Ng4 5.d4 exd4 6.cxd4 Bb4+ 7.Bd2 Bxd2+ 8.Qxd2 O-O 9.h4 b6 10.Nc3 d6 11.Qe2 Bb7 12.d5 a6 13.Ng5 Nf6 14.O-O h6 15.Nf3 b5 16.Bd3 Nbd7 17.b4 Ne5 18.Nd2 Qd7 19.f3 Bc8 20.g4 Nxd3 21.Qxd3 a5 22.Qxb5 Ba6 23.Qxd7 Nxd7 24.f4 Bxf1 25.Rxf1 axb4 26.Nb5 Rxa2 27.Nc4 b3 28.Rb1 Nc5 29.Nxc7 Nd3 30.Rxb3 Nxf4 31.Nxd6 Rg2+ 32.Kf1 Rxg4 33.h5 Nxh5 34.Kf2 Nf6 35.Re3 Rg6 36.Kf3 Nh5 37.e5 Rb8 38.e6 fxe6 39.dxe6 Nf6 40.e7 Kh7 41.Ke2 Rb2+ 42.Kd3 Rb3+ 43.Kd4 Rg4+ 44.Re4 Rxe4+ 45.Nxe4 Rb4+ 46.Kc5 Rxe4 47.Kd6 h5 48.Nd5 Nxd5 49.Kxd5 Rxe7 50.Kd6 Re2 51.Kd5 h4 52.Kd4 h3 53.Kd3 Re8 54.Kd4 h2 55.Kd5 h1=Q+ 56.Kc4 Qd1 57.Kc5 Rc8+ 58.Kb6 Qb1+ 59.Ka7 Rc2 {White resigned} 0-1

[Event "www.ChessWorld.net server game"]
[Site "www.ChessWorld.net "]
[Date "2007.6.10"]
[Round "NA"]
[White "st george manchester"]
[Black "joselito"]
[Result "0-1"]
[Termination "White resigned"]
[WhiteElo "1291"]
[BlackElo "1324"]
[Mode "ICS"]
[DateLastMove "2007.6.30"]
[Board "3805884"]

1.d4 Nf6 2.e3 d6 3.Bb5+ c6 4.Be2 e6 5.Nf3 d5 6.O-O Bd6 7.Nc3 O-O 8.Bd3 h6 9.e4 dxe4 10.Bxe4 Bd7 11.g3 Ng4 12.h3 Nf6 13.Re1 c5 14.Be3 Nc6 15.Bxc6 Bxc6 16.Ne5 Bxe5 17.dxe5 Nd5 18.Bxc5 Nxc3 19.Qxd8 Rfxd8 20.bxc3 Rd2 21.Rac1 b6 22.Be3 Rd7 23.f4 Bd5 24.a4 Bc6 25.Ra1 h5 26.Bf2 Rd2 27.Rac1 Bf3 28.Rcd1 Bxd1 29.Be3 Rxc2 30.Rxd1 Rxc3 31.Bf2 Rac8 32.h4 Rc2 33.Be3 Ra2 34.Bd2 Rcc2 35.Be1 Rxa4 36.Rd8+ Kh7 37.Rd7 Ra1 38.Kf1 Rcc1 39.Rxf7 Rxe1+ 40.Kg2 Rg1+ 41.Kf2 Rae1 42.Rxa7 Rgf1+ 43.Kg2 Kg6 44.Ra6 Kf5 45.Rxb6 g6 46.Rb8 Ra1 47.Rb6 Rfc1 48.Kf3 Ra3+ 49.Kg2 Kg4 50.Rxe6 Rc2+ 51.Kf1 {White resigned} 0-1

[Event "www.ChessWorld.net server game"]
[Site "www.ChessWorld.net "]
[Date "2007.6.10"]
[Round "NA"]
[White "briansky"]
[Black "joselito"]
[Result "0-1"]
[Termination "White king mated"]
[WhiteElo "1130"]
[BlackElo "1281"]
[Mode "ICS"]
[DateLastMove "2007.6.14"]
[Board "3805926"]

1.e4 e5 2.Nf3 Nc6 3.Nc3 Bc5 4.d3 Nf6 5.Bg5 O-O 6.Nd5 h6 7.Bxf6 gxf6 8.Nh4 f5 9.Nxf5 Ne7 10.Nxh6+ Kg7 11.Qh5 Ng6 12.O-O-O c6 13.Nc3 Qb6 14.Nf5+ Kf6 15.Nh6 d6 16.g4 Bxf2 17.g5+ Ke6 18.Qh3+ Ke7 19.Qh5 Qe3+ 20.Kb1 Nf4 21.Qe2 Nxe2 22.Bxe2 Qb6 23.Na4 Qb4 24.Nc3 Bd4 25.a3 Qb6 26.Nf5+ Bxf5 27.b4 Be6 28.Na4 Qa6 29.Nb2 Qxa3 30.c3 Qxc3 31.Rc1 Qxb2+ {White king mated} 0-1

[Event "www.ChessWorld.net server game"]
[Site "www.ChessWorld.net "]
[Date "2007.6.10"]
[Round "NA"]
[White "bttnpshrx"]
[Black "joselito"]
[Result "0-1"]
[Termination "White resigned"]
[WhiteElo "1446"]
[BlackElo "1357"]
[Mode "ICS"]
[DateLastMove "2007.7.27"]
[Board "3806017"]

1.d4 Nf6 2.Bg5 h6 3.Bxf6 gxf6 4.e4 Bg7 5.c3 e5 6.d5 O-O 7.Nf3 d6 8.Bb5 Bd7 9.Bxd7 Qxd7 10.O-O c6 11.c4 cxd5 12.cxd5 Na6 13.Nc3 Nb4 14.a3 Nc6 15.dxc6 bxc6 16.b4 a5 17.Qd2 f5 18.Na4 Qc7 19.Rac1 fxe4 20.Nh4 Qd7 21.Nb6 Qg4 22.Nxa8 Qxh4 23.Nb6 axb4 24.Qxb4 Bf6 25.Nd7 Bg5 26.Rc3 Bf4 27.Rh3 Qg4 28.Nxf8 Kxf8 29.Qxd6+ Kg7 30.Qxh6+ Bxh6 31.f3 Be3+ 32.Kh1 Qd7 33.Rg3+ Kf6 34.fxe4+ Bf4 35.Rgf3 c5 36.g3 Qd4 37.gxf4 c4 38.fxe5+ Kxe5 39.Rf5+ Ke6 40.Rf6+ Qxf6 41.Rxf6+ Kxf6 42.a4 c3 43.a5 c2 44.a6 c1=Q+ 45.Kg2 Qa3 {White resigned} 0-1

[Event "www.ChessWorld.net server game"]
[Site "www.ChessWorld.net "]
[Date "2007.6.10"]
[Round "NA"]
[White "bob zombie"]
[Black "joselito"]
[Result "0-1"]
[Termination "White king mated"]
[WhiteElo "1135"]
[BlackElo "1318"]
[Mode "ICS"]
[DateLastMove "2007.6.27"]
[Board "3806026"]

1.e3 e5 2.Bc4 Qe7 3.Nh3 h6 4.Qe2 Nf6 5.Bb5 a6 6.Bc4 d5 7.Bb3 Qc5 8.Ba4+ Nc6 9.Bxc6+ Qxc6 10.c3 Bxh3 11.gxh3 d4 12.O-O Ne4 13.f3 Qg6+ 14.Kh1 Nf6 15.Rg1 Qh5 16.Na3 Qxh3 17.Rg3 Qh4 18.Qg2 Bxa3 19.bxa3 dxe3 20.dxe3 e4 21.Rh3 Qe1+ 22.Qg1 Qxc3 23.Qxg7 O-O-O 24.Rb1 Rd1+ 25.Kg2 exf3+ 26.Kxf3 Nd5 27.Qg4+ Kb8 28.Bb2 Qxe3+ 29.Kg2 Rd2+ 30.Kf1 Qf2+ {White king mated} 0-1

[Event "www.ChessWorld.net server game"]
[Site "www.ChessWorld.net "]
[Date "2007.6.10"]
[Round "NA"]
[White "calchess10"]
[Black "joselito"]
[Result "0-1"]
[Termination "White resigned"]
[WhiteElo "1265"]
[BlackElo "1429"]
[Mode "ICS"]
[DateLastMove "2007.7.8"]
[Board "3806035"]

1.e4 e5 2.Nf3 Nc6 3.a3 Bc5 4.Nc3 Nf6 5.b4 O-O 6.bxc5 b6 7.Bc4 Bb7 8.O-O bxc5 9.h3 Na5 10.Nxe5 Qe7 11.f4 Nxc4 12.d3 Ne3 13.Qe2 Nxf1 14.Qxf1 d6 15.Nf3 h6 16.Nh4 c6 17.Nf5 Qd7 18.Qf3 Kh7 19.Qg3 Rg8 20.Qh4 h5 21.e5 dxe5 22.fxe5 Qxf5 23.exf6 gxf6 24.Be3 Qg6 25.g4 Rg7 26.Ne4 f5 27.Ng3 fxg4 28.Rf1 gxh3 29.Kh2 Re8 30.Qf4 Bc8 31.Bxc5 Bg4 32.Bd4 Rgg8 33.Qc7 Ref8 34.Bc5 Be2 35.Rxf7+ Rxf7 36.Qe5 Rf2+ 37.Kg1 Rg2+ {White resigned} 0-1

[Event "www.ChessWorld.net server game"]
[Site "www.ChessWorld.net "]
[Date "2007.6.10"]
[Round "NA"]
[White "Cougar40"]
[Black "joselito"]
[Result "0-1"]
[Termination "Black claimed a win on time"]
[WhiteElo "1265"]
[BlackElo "1429"]
[Mode "ICS"]
[DateLastMove "2007.6.29"]
[Board "3806044"]

1.e4 e5 2.Na3 Bc5 3.c4 Nf6 4.d3 Ng4 5.Qxg4 Qf6 6.Nf3 O-O 7.Bg5 d6 8.Qh4 Bb4+ 9.Ke2 Qe6 10.Nb5 Ba5 {Black claimed a win on time} 0-1

[Event "www.ChessWorld.net server game"]
[Site "www.ChessWorld.net "]
[Date "2007.6.11"]
[Round "NA"]
[White "philos"]
[Black "joselito"]
[Result "0-1"]
[Termination "White king mated"]
[WhiteElo "871"]
[BlackElo "1277"]
[Mode "ICS"]
[DateLastMove "2007.6.23"]
[Board "3808364"]

1.e3 e5 2.Nc3 Qf6 3.Nf3 Nc6 4.Nb5 Bd6 5.b3 a6 6.Nc3 Bb4 7.a3 Bxc3 8.dxc3 Nh6 9.e4 O-O 10.Nxe5 Nxe5 11.Qd4 Nhg4 12.Be2 d6 13.f3 c5 14.Qd5 Ne3 15.Bxe3 Ng6 16.e5 Nxe5 17.Qe4 Bf5 18.Qxb7 Bxc2 19.Ra2 Rab8 20.Qa7 Rxb3 21.Rxc2 Nc6 22.Qxa6 Rb1+ 23.Bd1 d5 24.Qxc6 Qxc6 25.c4 Re8 26.Ke2 d4 27.Re1 Rxe3+ 28.Kf2 Rxe1 29.Kxe1 d3 30.Rd2 Qe6+ 31.Kf2 Qxc4 32.Be2 g6 33.Bxd3 Qh4+ 34.Ke2 Qe1+ {White king mated} 0-1

[Event "www.ChessWorld.net server game"]
[Site "www.ChessWorld.net "]
[Date "2007.6.12"]
[Round "NA"]
[White "Lung"]
[Black "joselito"]
[Result "0-1"]
[Termination "Black claimed a win on time"]
[WhiteElo "871"]
[BlackElo "1277"]
[Mode "ICS"]
[DateLastMove "2007.6.24"]
[Board "3811262"]

1.e4 e5 2.Nf3 Nc6 3.Bc4 Nf6 4.Ng5 Qe7 5.Nxf7 Rg8 6.Nd6+ cxd6 7.Bxg8 Nxe4 8.g3 Nd4 9.Bxh7 Qf7 10.Bxe4 d5 {Black claimed a win on time} 0-1

[Event "www.ChessWorld.net server game"]
[Site "www.ChessWorld.net "]
[Date "2007.6.12"]
[Round "NA"]
[White "WarlpiriMan"]
[Black "joselito"]
[Result "0-1"]
[Termination "White king mated"]
[WhiteElo "1425"]
[BlackElo "1437"]
[Mode "ICS"]
[DateLastMove "2007.8.4"]
[Board "3811290"]

1.d4 d5 2.c4 Nf6 3.Nc3 dxc4 4.h3 e6 5.Nf3 Bb4 6.a3 Bxc3+ 7.bxc3 O-O 8.Bf4 Nd5 9.g3 Nxc3 10.Qb3 cxb3 11.Bc1 b6 12.Bg2 Bb7 13.O-O Nxe2+ 14.Kh2 Nc6 15.Bb2 Ncxd4 16.Bxd4 Nxd4 17.Rfd1 Bxf3 18.Bxf3 Qf6 19.Bxa8 Qxf2+ 20.Kh1 Rxa8 21.Rf1 Qxg3 22.Rad1 Ne2 23.Rd2 Qxh3+ {White king mated} 0-1

[Event "www.ChessWorld.net server game"]
[Site "www.ChessWorld.net "]
[Date "2007.6.12"]
[Round "NA"]
[White "surreysue"]
[Black "joselito"]
[Result "0-1"]
[Termination "White king mated"]
[WhiteElo "1268"]
[BlackElo "1405"]
[Mode "ICS"]
[DateLastMove "2007.8.31"]
[Board "3811346"]

1.e4 e5 2.c3 Nf6 3.f3 Bc5 4.d4 exd4 5.b4 dxc3 6.bxc5 O-O 7.Be3 b6 8.Nxc3 bxc5 9.Bxc5 d6 10.Bd4 Bb7 11.Bd3 h6 12.Nh3 c5 13.Be3 Nbd7 14.f4 d5 15.Nb5 dxe4 16.Bc2 Nb6 17.Bxc5 Re8 18.O-O Qxd1 19.Raxd1 Rec8 20.Bd4 Rxc2 21.Nd6 Ba6 22.Rf2 Be2 23.Re1 Bd3 24.a4 Rb8 25.f5 Nxa4 26.Nf4 Ng4 27.Rfe2 Bxe2 28.Nxe2 Nb6 29.h3 Nd5 30.hxg4 Nf6 31.Ng3 a5 32.Nh5 Rd8 33.Nxf6+ gxf6 34.Nb5 Rd5 35.Na3 Ra2 36.Re3 Rxd4 37.Nb5 Rdd2 38.Kh2 Rxg2+ 39.Kh3 Rh2+ 40.Kg3 Rag2+ 41.Kf4 Rf2+ 42.Kg3 Rhg2+ 43.Kh3 Rh2+ 44.Kg3 Rfg2+ 45.Kf4 h5 46.Kxe4 Rxg4+ 47.Kd3 Rf4 48.Re4 Rxf5 49.Nd6 Rh3+ 50.Kd4 Rf1 51.Kd5 f5 52.Re8+ Kg7 53.Kc6 a4 54.Ra8 a3 55.Kd7 Rf2 56.Nc4 a2 57.Ke7 Rh1 58.Ne3 a1=Q 59.Rxa1 Rxa1 60.Nd5 Re2+ 61.Kd6 h4 62.Nf4 Rd1+ 63.Nd5 Re8 64.Kc5 h3 65.Nf4 Rc8+ 66.Kb6 Rb1+ 67.Ka7 Rc2 68.Nd3 Ra2+ {White king mated} 0-1

[Event "www.ChessWorld.net server game"]
[Site "www.ChessWorld.net "]
[Date "2007.6.12"]
[Round "NA"]
[White "quinner"]
[Black "joselito"]
[Result "0-1"]
[Termination "White king mated"]
[WhiteElo "1126"]
[BlackElo "1424"]
[Mode "ICS"]
[DateLastMove "2007.7.7"]
[Board "3811360"]

1.e4 e5 2.Bc4 h6 3.Qf3 Nf6 4.Nc3 Bc5 5.Na4 Bd4 6.c3 Bb6 7.Nxb6 axb6 8.b4 O-O 9.g4 c6 10.b5 d5 11.exd5 cxd5 12.Bd3 e4 13.Qe3 Nxg4 14.Qg3 exd3 15.Qxd3 Re8+ 16.Kd1 Nxf2+ 17.Kc2 Nxh1 18.Bb2 Nf2 19.Qf3 Qf6 20.Qxd5 Bf5+ 21.d3 Bxd3+ 22.Kb3 Be4 23.Qd7 Nxd7 24.Re1 Bd5+ 25.c4 Nc5+ 26.Kb4 Nfd3+ {White king mated} 0-1

[Event "www.ChessWorld.net server game"]
[Site "www.ChessWorld.net "]
[Date "2007.6.12"]
[Round "NA"]
[White "Blitzkrieg BoB"]
[Black "joselito"]
[Result "0-1"]
[Termination "White king mated"]
[WhiteElo "1357"]
[BlackElo "1401"]
[Mode "ICS"]
[DateLastMove "2007.7.4"]
[Board "3811374"]

1.e4 e5 2.Nf3 Nc6 3.Bb5 Nd4 4.Nxd4 exd4 5.d3 Bc5 6.c3 dxc3 7.Nxc3 Qf6 8.f3 Nh6 9.Bxh6 Qxh6 10.Qd2 Be3 11.Qe2 O-O 12.Bc4 d6 13.Nd5 Bb6 14.Nxb6 axb6 15.O-O Qg6 16.g4 Be6 17.Bxe6 fxe6 18.h4 d5 19.h5 Qf6 20.Rf2 dxe4 21.dxe4 c6 22.f4 b5 23.e5 Qd8 24.Rd1 Qh4 25.b3 Qg3+ 26.Kf1 Qh3+ 27.Ke1 g6 28.Rd3 Qh1+ 29.Rf1 Qh4+ 30.Kd2 gxh5 31.gxh5 Rxa2+ 32.Ke3 Rxe2+ 33.Kxe2 Rxf4 34.Rxf4 Qxf4 35.Rd8+ Kg7 36.Rd7+ Kh6 37.Rxb7 Qxe5+ 38.Kd2 Kxh5 39.Rxh7+ Kg6 40.Ra7 Qd4+ 41.Kc1 Qxa7 42.b4 Qd4 43.Kc2 e5 44.Kb3 e4 45.Ka2 e3 46.Ka3 e2 47.Ka2 e1=Q 48.Ka3 Qdxb4+ 49.Ka2 Qeb1+ {White king mated} 0-1

[Event "www.ChessWorld.net server game"]
[Site "www.ChessWorld.net "]
[Date "2007.6.12"]
[Round "NA"]
[White "thisone"]
[Black "joselito"]
[Result "0-1"]
[Termination "White king mated"]
[WhiteElo "1335"]
[BlackElo "1418"]
[Mode "ICS"]
[DateLastMove "2007.7.19"]
[Board "3811402"]

1.e4 e5 2.Qf3 Nf6 3.Nh3 h6 4.Bc4 Bc5 5.O-O O-O 6.Nc3 b6 7.Na4 Bb7 8.d3 Nc6 9.Qg3 Nd4 10.Nxc5 bxc5 11.Qxe5 d6 12.Qg3 Nxc2 13.Rb1 Nd4 14.Nf4 d5 15.Bxd5 Bxd5 16.exd5 Qd7 17.b3 Nxd5 18.Nh5 g6 19.Nf4 Nxf4 20.Kh1 Nde2 21.Qf3 Qxd3 22.Bxf4 Qxf3 23.gxf3 Nxf4 24.Rbc1 Rae8 25.Rxc5 Ne6 26.Rc6 Nd4 27.Rxc7 Nxf3 28.Rxa7 Re5 29.a4 Nd2 30.Rd1 Nf3 31.Rd3 Nh4 32.Rd1 Rfe8 33.h3 Rg5 34.f4 Rg2 35.a5 Ree2 36.a6 Ref2 37.Ra8+ Kg7 38.a7 Nf3 39.Rg8+ Kxg8 40.a8=Q+ Kg7 41.Qa1+ Kh7 42.Rd8 Rh2+ {White king mated} 0-1

[Event "www.ChessWorld.net server game"]
[Site "www.ChessWorld.net "]
[Date "2007.6.12"]
[Round "NA"]
[White "baskogirl"]
[Black "joselito"]
[Result "0-1"]
[Termination "White king mated"]
[WhiteElo "1142"]
[BlackElo "1317"]
[Mode "ICS"]
[DateLastMove "2007.6.17"]
[Board "3811430"]

1.e4 e5 2.d4 f5 3.exf5 exd4 4.Qe2+ Be7 5.Qe4 Nc6 6.Bc4 Nf6 7.Qf4 d5 8.Bd3 O-O 9.Qg3 Bb4+ 10.c3 Qe8+ 11.Ne2 Bd6 12.Bf4 Bxf4 13.Qxf4 Nh5 14.Qg4 Ne5 15.Qg5 Nxd3+ 16.Kd2 Nxf2 17.Rf1 Ne4+ 18.Kc2 Nxg5 19.Nxd4 Bxf5+ 20.Nxf5 Qe2+ 21.Kb3 Qxf1 22.Nd4 Qc4+ 23.Kc2 Rf2+ 24.Nd2 c5 25.Kc1 Qd3 26.N4b3 Re8 27.Kd1 Ree2 28.a3 Rxd2+ 29.Nxd2 Qxd2+ {White king mated} 0-1

[Event "www.ChessWorld.net server game"]
[Site "www.ChessWorld.net "]
[Date "2007.7.20"]
[Round "NA"]
[White "LouieTL"]
[Black "joselito"]
[Result "0-1"]
[Termination "Black claimed a win on time"]
[WhiteElo "1142"]
[BlackElo "1317"]
[Mode "ICS"]
[DateLastMove "2007.8.18"]
[Board "3926060"]

1.e4 e5 2.d3 Bc5 3.Be2 Nf6 4.h3 O-O 5.Be3 d6 6.Bxc5 dxc5 7.Nf3 b6 8.g4 Bb7 9.O-O h6 10.Nxe5 Nc6 11.Nxc6 Bxc6 12.a4 Nxe4 {Black claimed a win on time} 0-1

[Event "www.ChessWorld.net server game"]
[Site "www.ChessWorld.net "]
[Date "2007.7.20"]
[Round "NA"]
[White "MtK"]
[Black "joselito"]
[Result "0-1"]
[Termination "White resigned"]
[WhiteElo "1529"]
[BlackElo "1377"]
[Mode "ICS"]
[DateLastMove "2007.7.28"]
[Board "3926084"]

1.e4 e5 2.Nf3 c5 3.Nxe5 Qe7 4.d4 cxd4 5.Qxd4 Nc6 6.Nxc6 dxc6 7.Bd3 Nf6 8.Bg5 Qe6 9.O-O Bd6 10.Re1 Be5 11.Qb4 a5 12.Qd2 O-O 13.c3 b5 14.Na3 b4 15.Bc4 Qg4 16.Nc2 Nxe4 17.Qe3 Nxg5 18.Qxe5 Nf3+ 19.Kf1 Nxe5 20.Be2 Qg6 21.Nd4 Bh3 22.gxh3 Qe4 23.f3 Qf4 24.Kg2 bxc3 25.bxc3 c5 26.Nc2 Nc4 27.Bd3 Qd2+ 28.Kh1 Qxd3 29.Rac1 Qxf3+ 30.Kg1 Nb2 31.Re3 Qf4 32.Rf1 Qh6 33.Rg3 f5 34.Rf2 f4 35.Rgf3 Rad8 36.Ne1 Qg6+ 37.Ng2 Rd1+ 38.Rf1 Qb1 39.Nxf4 Rxf1+ 40.Rxf1 Qxa2 41.Rf2 a4 42.Kg2 a3 43.Nd3 Rxf2+ 44.Nxf2 Qd5+ {White resigned} 0-1

[Event "www.ChessWorld.net server game"]
[Site "www.ChessWorld.net "]
[Date "2007.7.20"]
[Round "NA"]
[White "head-full-of-nothing"]
[Black "joselito"]
[Result "0-1"]
[Termination "Black claimed a win on time"]
[WhiteElo "1529"]
[BlackElo "1377"]
[Mode "ICS"]
[DateLastMove "2007.8.1"]
[Board "3926096"]

1.e4 c5 2.Bc4 e6 3.Nf3 d5 4.exd5 exd5 5.Bd3 Bd6 6.Nc3 d4 7.Nd5 Qd7 8.b3 b6 9.Be4 Bb7 10.Ng5 Nc6 11.Qf3 O-O-O 12.Bf5 Re8+ {Black claimed a win on time} 0-1

[Event "www.ChessWorld.net server game"]
[Site "www.ChessWorld.net "]
[Date "2007.7.20"]
[Round "NA"]
[White "damnyoubrain"]
[Black "joselito"]
[Result "0-1"]
[Termination "White king mated"]
[WhiteElo "1485"]
[BlackElo "1426"]
[Mode "ICS"]
[DateLastMove "2007.10.8"]
[Board "3926144"]

1.e4 e5 2.Qf3 Nf6 3.Nc3 Bb4 4.Nge2 O-O 5.g3 c6 6.Bh3 d5 7.d3 Bxh3 8.Bd2 dxe4 9.Qxe4 Na6 10.Qf3 Nc5 11.a3 Bg4 12.Qe3 Bxc3 13.Bxc3 Ncd7 14.h3 Be6 15.Bb4 Nd5 16.Qf3 Nxb4 17.axb4 Nf6 18.O-O Bd5 19.Qe3 e4 20.c4 Be6 21.g4 Qxd3 22.Rad1 Qxe3 23.fxe3 Bxc4 24.Nf4 Bxf1 25.Rxf1 a5 26.g5 Nd5 27.Ng2 Nxb4 28.Nf4 a4 29.Ra1 Rfd8 30.Ne2 Rd2 31.Nc3 Nc2 32.Rc1 Nxe3 33.Nxe4 Rxb2 34.Nd6 f6 35.Nxb7 Nf5 36.gxf6 gxf6 37.Nc5 Ng3 38.Re1 Rd8 39.Ne6 Rdd2 40.Nf4 a3 41.Re8+ Kf7 42.Ra8 Rb1+ {White king mated} 0-1

[Event "www.ChessWorld.net server game"]
[Site "www.ChessWorld.net "]
[Date "2007.7.27"]
[Round "NA"]
[White "revs"]
[Black "joselito"]
[Result "0-1"]
[Termination "White resigned"]
[WhiteElo "1415"]
[BlackElo "1446"]
[Mode "ICS"]
[DateLastMove "2007.8.3"]
[Board "3946953"]

1.c4 e5 2.a3 Nf6 3.Nc3 c6 4.e4 d5 5.cxd5 cxd5 6.exd5 Nxd5 7.Qh5 Qe7 8.Nxd5 Qd6 9.Bc4 Be6 10.Ne3 Be7 11.b3 Bxc4 12.Nxc4 Qe6 13.Qxe5 Nd7 14.Qxe6 fxe6 15.Bb2 O-O 16.f3 b5 17.Ne3 Nc5 18.a4 Nxb3 19.Rb1 bxa4 20.Ne2 Ba3 21.Bxa3 Rfc8 22.O-O Nxd2 23.Rbc1 Nxf1 24.Rxc8+ Rxc8 25.Nxf1 g6 26.Nd4 e5 27.Nb5 a6 28.Nd6 Rc3 29.Bb2 Rd3 30.Bxe5 a3 31.g4 Rxf3 32.Kg2 Rd3 33.h3 a2 34.h4 a5 35.Kf2 h6 36.Ke2 Rb3 37.Nc4 Rb4 38.Nxa5 Re4+ 39.Ne3 Rxe5 40.Nb3 Rc5 41.Kd2 Rb5 42.Kc2 Rxb3 43.Kxb3 a1=Q 44.Nc2 Qh1 45.Nd4 Qxh4 46.Ne6 Qxg4 47.Nc5 h5 48.Nd3 Qg3 49.Kc4 h4 50.Kd4 h3 51.Ne5 h2 52.Nxg6 Qxg6 {White resigned} 0-1

[Event "www.ChessWorld.net server game"]
[Site "www.ChessWorld.net "]
[Date "2007.7.27"]
[Round "NA"]
[White "wptiger"]
[Black "joselito"]
[Result "0-1"]
[Termination "White king mated"]
[WhiteElo "1163"]
[BlackElo "1390"]
[Mode "ICS"]
[DateLastMove "2007.7.31"]
[Board "3946955"]

1.e4 e5 2.Nf3 Nc6 3.d4 Qe7 4.dxe5 Nxe5 5.Nxe5 Qxe5 6.g3 Qxe4+ 7.Be3 Qxh1 8.Nd2 b6 9.Qf3 Qxf3 10.Be2 Qh1+ 11.Bf1 Bb7 12.O-O-O Qxh2 13.Bc4 Qh5 14.b3 g6 15.Re1 O-O-O 16.Be2 Qe5 17.Nc4 Qa1+ 18.Kd2 Bb4+ 19.Kd3 Qxe1 20.a3 Qc3+ {White king mated} 0-1

[Event "www.ChessWorld.net server game"]
[Site "www.ChessWorld.net "]
[Date "2007.7.27"]
[Round "NA"]
[White "Hastings1960"]
[Black "joselito"]
[Result "0-1"]
[Termination "Black claimed a win on time"]
[WhiteElo "1163"]
[BlackElo "1390"]
[Mode "ICS"]
[DateLastMove "2007.11.5"]
[Board "3947359"]

1.Nf3 Nf6 2.c4 Nc6 3.g3 e5 4.Bg2 Bb4 5.O-O O-O 6.a3 Bd6 7.d3 a6 8.b4 b6 9.Bb2 Bb7 10.Nc3 Rb8 11.b5 axb5 12.cxb5 Nd4 {Black claimed a win on time} 0-1